000 00426nam a22001817a 4500
003 MPLRDC
005 20220104143244.0
008 210129b ||||| |||| 00| 0 eng d
082 _a859.6 SJMZ-2 v.30
100 _a程枢荣编译
245 _a白雪公主
_c
250 _a再版
260 _a
_b雅苑出版社
_c1982
300 _b
490 _a世界名著翻译
650 _a
942 _cBK
_o859.6 SJMZ-2 v.30
999 _c38130
_d38120